000 01759nam0a2200397 4500
001 RU\NLR\bibl\1508611
005 20260406102205.0
010 _a978-5-93878-474-1
021 _aRU
_b2010-23195
_91556
021 _aRU
_b2010-23196
_91556
021 _aRU
_b2010-23203
_91556
021 _aRU
_b2010-23204
_91556
035 _a(nilc)RSL-KNO-004623744
035 _a(NLR Aleph) 001500020
090 _a1793470
_c1793470
100 _a20100330d2010 |||y0rusy50 ca
101 0 _arus
102 _aRU
105 _aa zzzz|||||
200 1 _aКнига, которая лечит
_iСвет заочного лечения
_iЖивое слово
_eинформационно-энергетическое учение
_fС. С. Коновалов
210 _aСанкт-Петербург
_cПрайм-ЕВРОЗНАК
_d2010
215 _a252 с.
_cил.
_d22
_eцелительный буклет
225 1 _aКнига, которая лечит
300 _aЗагл. корешка: Свет заочного лечения
300 _aНа 4-й с. обл. авт.: Коновалов С.С. д.м.н., д.чл. Междунар. акад. наук безопасности человека и природы
606 1 _aТерапия нетрадиционная
_jПопулярные издания
_92050901
_3RU\NLR\auth\66946143
686 _aР358.9,0
_2rubbk
686 _aР358.9я9
700 1 _4070
_8rus
_7ca
_aКоновалов
_bС. С.
_cд-р мед. наук
_f1954-
_gСергей Сергеевич
_3RU\NLR\auth\7783232
_966160
801 0 _aRU
_bРГБ
_c20100330
_grcr
801 1 _aRU
_bРГБ
_c20100330
801 2 _aRU
_bNLR
_c20100507
_grcr
830 _aавт. по кн.
942 _cBOOK
980 _aNB